[Event "Dutch Open 2014"]
[Site "Dieren NED"]
[Date "2014.07.23"]
[Round "2.20"]
[White "Boersma, Jan"]
[Black "Vogel, Jaap"]
[Result "0-1"]
[BlackTitle "FM"]
[WhiteElo "2101"]
[BlackElo "2209"]
[WhiteFideId "1003267"]
[BlackFideId "1000764"]
[EventDate "2014.07.22"]

1. e4 e6 2. d4 d5 3. Nd2 Nf6 4. Bd3 c5 5. c3 cxd4 6. cxd4 dxe4 7. Nxe4 Bd7 8.
Nf3 Nxe4 9. Bxe4 Bc6 10. Bxc6+ Nxc6 11. O-O Qd5 12. Be3 Bd6 13. Qe2 O-O 14. Rfd1
h6 15. b3 Rac8 16. Rac1 Ba3 17. Rc4 Rfd8 18. h3 b5 19. Rc2 a6 20. Bf4 Qf5 21.
Bh2 Ne7 22. Rcd2 Nd5 23. g4 Qg6 24. Ne5 Qf6 25. Rf1 Rc3 26. f4 Rxh3 27. Qg2 Rc3
28. g5 Qf5 29. gxh6 g6 30. Qg5 Be7 31. Qxf5 exf5 32. Rf3 Rxf3 33. Nxf3 Bf8 34.
Rc2 Bxh6 35. Rc6 Nb4 36. Rb6 Bg7 37. a3 Nc2 38. Rxa6 Nxd4 39. Nxd4 Bxd4+ 40. Kf1
Rc8 41. b4 Rc3 42. Ra5 Kg7 43. Rxb5 Rxa3 44. Rd5 Bb6 45. Rb5 Bc7 46. Rb7 Bxf4
47. Bg1 g5 48. b5 Ra4 49. Kg2 Kg6 50. b6 Ra2+ 51. Kf1 g4 52. Ra7 Rb2 53. Ra6 Kg5
54. Bd4 Rb4 55. Bc5 Rb1+ 56. Kg2 Rb2+ 57. Kg1 g3 58. Ra4 f6 59. Bd4 Rb5 60.
Bxf6+ Kxf6 61. Rxf4 Kg5 62. Rc4 Rxb6 63. Kg2 f4 64. Rc8 Rb2+ 65. Kf3 Rf2+ 66.
Ke4 Kg4 67. Rh8 Re2+ 68. Kd3 Re7 0-1

[Event "Dutch Open 2014"]
[Site "Dieren NED"]
[Date "2014.07.23"]
[Round "2.21"]
[White "Warmerdam, Max"]
[Black "Bus, Tom"]
[Result "1-0"]
[WhiteElo "2207"]
[BlackElo "2108"]
[WhiteFideId "1048104"]
[BlackFideId "1014374"]
[EventDate "2014.07.22"]

1. e4 c5 2. Nf3 e6 3. d4 cxd4 4. Nxd4 a6 5. Nc3 Qc7 6. g3 Bb4 7. Ne2 Be7 8. Bg2
Nf6 9. O-O Nc6 10. Nd4 O-O 11. Kh1 d6 12. f4 Bd7 13. h3 Nxd4 14. Qxd4 Bc6 15. g4
b5 16. g5 Nd7 17. f5 Rfe8 18. Qf2 Ne5 19. Bf4 Bf8 20. Rad1 b4 21. fxe6 bxc3 22.
Bxe5 Rxe6 23. Bxc3 Rae8 24. Rde1 h6 25. gxh6 Rxh6 26. Qd4 Rh4 27. Qf2 Rh6 28.
Re2 Bb5 29. Rd2 Bxf1 30. Qxf1 Rhe6 31. Rd5 Qd7 32. Qd3 Qc8 33. Rh5 Rg6 34. Rf5
Ree6 35. Qd5 Qe8 36. Bf3 Rg3 37. Kh2 Rxf3 38. Rxf3 Rxe4 39. Rxf7 Qxf7 40. Qxe4
d5 41. Qg2 Bd6+ 42. Kh1 Kh7 43. Bd4 g6 44. Qf2 Qe7 45. Qe3 Qh4 46. Kg2 Bf4 47.
Qf3 Qg5+ 48. Qg4 Qxg4+ 49. hxg4 Kg8 50. Kf3 Bd6 51. c3 Kf7 52. b4 Ke6 53. a4 Kd7
54. Ke3 Kc6 55. Kd3 Be7 56. Be5 Bh4 57. c4 dxc4+ 58. Kxc4 Bf2 59. b5+ axb5+ 60.
axb5+ Kd7 61. Kd5 Ba7 62. Bd4 Bb8 63. b6 1-0

[Event "Dutch Open 2014"]
[Site "Dieren NED"]
[Date "2014.07.23"]
[Round "2.22"]
[White "Op Den Dries, Johan"]
[Black "Ypma, Peter"]
[Result "0-1"]
[WhiteElo "2098"]
[BlackElo "2203"]
[WhiteFideId "1021257"]
[BlackFideId "1027255"]
[EventDate "2014.07.22"]

1. d4 d5 2. Nc3 Bf5 3. f3 e6 4. e4 Bg6 5. Bd3 Nf6 6. Be3 dxe4 7. fxe4 Bb4 8. Bg5
c5 9. dxc5 Qa5 10. Bd2 Qxc5 11. Qe2 Nc6 12. Nf3 O-O 13. O-O-O Ne5 14. Nxe5 Qxe5
15. Rdf1 Rac8 16. h4 Bh5 17. g4 Bxg4 18. Qg2 h5 19. Be2 Bxc3 20. Bxc3 Qxe4 21.
Bf3 Bxf3 22. Rxf3 Ng4 23. Kb1 e5 24. Re1 Qd5 25. Qe2 Qc4 26. Qd2 b5 27. b3 Qc6
28. Rd3 e4 29. Rg3 f6 30. Qe2 Rfe8 31. Bb2 b4 32. Rxg4 hxg4 33. Qxg4 e3 34. Rg1
Rc7 35. Qxb4 e2 36. Rc1 Qe4 37. Qxe4 Rxe4 38. Re1 f5 0-1

[Event "Dutch Open 2014"]
[Site "Dieren NED"]
[Date "2014.07.23"]
[Round "2.23"]
[White "Van Osch, Mees"]
[Black "Stolwijk, Colin"]
[Result "1-0"]
[WhiteElo "2200"]
[BlackElo "2075"]
[WhiteFideId "1035967"]
[BlackFideId "1033743"]
[EventDate "2014.07.22"]

1. e4 c6 2. d4 d5 3. Nc3 dxe4 4. Nxe4 Nf6 5. Nxf6+ gxf6 6. c3 Bf5 7. Nf3 e6 8.
g3 Bd6 9. Bg2 Nd7 10. O-O Qc7 11. Re1 O-O-O 12. b4 Bg4 13. Qd3 Bxf3 14. Qxf3 h5
15. b5 c5 16. a4 Nb6 17. a5 Nd5 18. c4 Nb4 19. dxc5 Bxc5 20. Bf4 e5 21. Be3 Bxe3
22. Rxe3 Qd7 23. a6 Kb8 24. b6 axb6 25. axb7 Qd6 26. Rb3 Nc2 27. Rd3 Nd4 28. Qe4
Rhf8 29. Rda3 Kc7 30. Ra8 Rb8 31. Qh7 Qe6 32. Bd5 Qf5 33. Rxb8 Rxb8 34. Qxf7+
Qd7 35. Qxf6 Nc6 36. Bxc6 Qxc6 37. Qxe5+ Qd6 38. Qxh5 1-0

[Event "Dutch Open 2014"]
[Site "Dieren NED"]
[Date "2014.07.23"]
[Round "2.24"]
[White "Van Foreest, Lucas"]
[Black "Kazarian, Anna-Maja"]
[Result "0-1"]
[BlackTitle "WFM"]
[WhiteElo "2192"]
[BlackElo "2025"]
[WhiteFideId "1039792"]
[BlackFideId "1033689"]
[EventDate "2014.07.22"]

1. d4 d5 2. c4 c6 3. Nf3 Nf6 4. e3 e6 5. Nc3 Nbd7 6. Qc2 Bd6 7. Bd3 dxc4 8. Bxc4
b5 9. Bd3 Bb7 10. Ne4 Be7 11. a3 Qb6 12. Nxf6+ Nxf6 13. e4 a5 14. Bg5 h6 15. Be3
Ng4 16. Bf4 c5 17. Qb3 O-O 18. O-O cxd4 19. e5 f6 20. Nh4 fxe5 21. Ng6 Rxf4 22.
Nxe7+ Kf7 23. Ng6 Rf6 24. f3 Bd5 25. Qd1 Ne3 26. Nxe5+ Ke7 27. Qe2 Nxf1 28. Rxf1
Bc4 29. Qe4 Bxd3 30. Nxd3 Rc8 31. Qg4 g6 32. Re1 Rc2 33. Qh4 Rd2 34. Nf4 d3+ 35.
Kh1 g5 36. Nd5+ Kd8 37. Qe4 Qf2 38. Rg1 exd5 39. Qe5 Qb6 40. Qc3 Re2 41. Qxd3
Rfe6 42. Qxd5+ Ke7 43. g3 Re1 44. Rxe1 Rxe1+ 45. Kg2 Rg1+ 0-1

[Event "Dutch Open 2014"]
[Site "Dieren NED"]
[Date "2014.07.23"]
[Round "2.25"]
[White "Kathstede, Gerd"]
[Black "Maris, Ivo"]
[Result "0-1"]
[WhiteElo "2082"]
[BlackElo "2178"]
[WhiteFideId "4662199"]
[BlackFideId "1028146"]
[EventDate "2014.07.22"]

1. e4 d6 2. d4 Nf6 3. Nc3 Nbd7 4. Be3 e5 5. Nf3 Be7 6. dxe5 dxe5 7. Bc4 O-O 8.
O-O c6 9. a3 Qc7 10. h3 Nc5 11. Nd2 Ne6 12. Ne2 Nh5 13. c3 h6 14. b4 Bg5 15.
Bxg5 Nxg5 16. Ng3 Nf4 17. h4 Nh7 18. Nf5 Bxf5 19. exf5 Rad8 20. Qc2 b5 21. Ba2
Qd7 22. Nf3 Nd3 23. Rad1 Rfe8 24. Bb1 e4 25. Nd4 Qc7 26. Qd2 Ne5 27. Qe2 Nf6 28.
f4 exf3 29. Nxf3 Neg4 30. Rxd8 Qxd8 31. Qd1 Qc7 32. Re1 Rd8 33. Qe2 Nh5 34. f6
Nhxf6 35. c4 g6 36. c5 Nd5 37. Ba2 Nde3 38. Bb3 Qg3 39. Qa2 Rd7 40. Qe2 Rd4 41.
Rd1 Rf4 42. Rd8+ Kh7 43. Qb2 Qe1+ 44. Nxe1 Rf1# 0-1

[Event "Dutch Open 2014"]
[Site "Dieren NED"]
[Date "2014.07.23"]
[Round "2.26"]
[White "Markus, John Raymond"]
[Black "Den Hartog, Marijn"]
[Result "1/2-1/2"]
[WhiteElo "2143"]
[BlackElo "2006"]
[WhiteFideId "1001213"]
[BlackFideId "1046098"]
[EventDate "2014.07.22"]

1. d4 Nf6 2. c4 g6 3. Nc3 Bg7 4. e4 d6 5. f4 O-O 6. Nf3 c5 7. d5 e6 8. Be2 exd5
9. exd5 Re8 10. O-O Bf5 11. Bd3 Bxd3 12. Qxd3 Na6 13. a3 Nc7 14. f5 Qd7 15. fxg6
hxg6 16. Bg5 Rab8 17. Nh4 Nh7 18. Bd2 b5 19. cxb5 Nxb5 20. Nxb5 Qxb5 21. Qf3 Rb7
22. Bc3 Bxc3 23. bxc3 Qe2 24. Rf2 Qxf3 25. Nxf3 Rb3 26. c4 Ree3 27. a4 Rbc3 28.
Nd2 Rc2 29. Rb1 Re7 30. Rb8+ Kg7 31. h3 Rd7 32. a5 Nf6 33. a6 Ra2 34. g4 Rxa6
35. g5 Nh5 36. Ne4 Ra4 37. Nf6 Nxf6 38. gxf6+ Kh7 39. Re2 Rb4 40. Rf8 Rbb7 41.
h4 g5 42. h5 Rb1+ 43. Kh2 Rdb7 44. Rg2 R1b2 45. Rxb2 Rxb2+ 46. Kg3 Rc2 47. Rxf7+
Kh6 48. Rd7 Kxh5 49. f7 Rc3+ 50. Kf2 Rc2+ 51. Ke3 Rc3+ 52. Kf2 Rc2+ 53. Ke1 Rc1+ 1/2-1/2

[Event "Dutch Open 2014"]
[Site "Dieren NED"]
[Date "2014.07.23"]
[Round "2.27"]
[White "Van Liempt, Michael"]
[Black "Go, Benjamin"]
[Result "0-1"]
[WhiteElo "2016"]
[BlackElo "2133"]
[WhiteFideId "1012665"]
[BlackFideId "1014560"]
[EventDate "2014.07.22"]

1. e4 d6 2. d4 Nf6 3. Nc3 Nbd7 4. Nf3 e5 5. Be2 Be7 6. O-O O-O 7. h3 exd4 8.
Qxd4 Re8 9. Bf4 Nc5 10. Bh2 Nfd7 11. Rad1 Bf6 12. e5 dxe5 13. Bxe5 Nxe5 14. Qxc5
Bd7 15. Nd5 Be6 16. Rfe1 Bxd5 17. Rxd5 Nxf3+ 18. gxf3 Qc8 19. Kg2 c6 20. Rd3 Re5
21. Qc4 b5 22. Qf4 Rg5+ 23. Kh1 Qxh3+ 24. Qh2 Qf5 25. f4 Rg6 26. Rh3 Re8 27.
Rxh7 Qd5+ 28. f3 Qxf3+ 0-1

[Event "Dutch Open 2014"]
[Site "Dieren NED"]
[Date "2014.07.23"]
[Round "2.28"]
[White "Vos, Tjark"]
[Black "Halfhide, Sebastian"]
[Result "1/2-1/2"]
[WhiteElo "2130"]
[BlackElo "1979"]
[WhiteFideId "1020870"]
[BlackFideId "1045946"]
[EventDate "2014.07.22"]

1. e4 e5 2. Nf3 Nc6 3. Bb5 a6 4. Ba4 Nf6 5. O-O Be7 6. Re1 b5 7. Bb3 O-O 8. c3
d6 9. h3 Na5 10. Bc2 c5 11. d4 Nd7 12. Nbd2 exd4 13. cxd4 Nc6 14. d5 Nce5 15.
Nxe5 Nxe5 16. f4 Ng6 17. Nf3 Bh4 18. Rf1 Bg3 19. Nh2 f5 20. exf5 Bxf5 21. Bxf5
Rxf5 22. Qd3 Bxh2+ 23. Kxh2 Qf8 24. a4 Rb8 25. axb5 axb5 26. g4 Rf7 27. f5 Ne5
28. Qg3 g6 29. Bf4 Re8 30. Rae1 Qg7 31. Bxe5 Rxe5 32. fxg6 hxg6 33. Rxf7 Qxf7
34. Rxe5 dxe5 35. Qxe5 1/2-1/2

[Event "Dutch Open 2014"]
[Site "Dieren NED"]
[Date "2014.07.23"]
[Round "2.29"]
[White "Dijkhuis, Sven"]
[Black "Tromp, Pieter"]
[Result "1/2-1/2"]
[WhiteElo "1988"]
[BlackElo "2127"]
[WhiteFideId "1036556"]
[BlackFideId "1026402"]
[EventDate "2014.07.22"]

1. e4 d5 2. exd5 Nf6 3. d4 Nxd5 4. c4 Nb6 5. Nf3 g6 6. Nc3 Bg7 7. c5 N6d7 8. Bc4
O-O 9. O-O e5 10. Bg5 Bf6 11. Bxf6 Qxf6 12. Nd5 Qd8 13. Nxe5 Nxe5 14. dxe5 Nd7
15. Qd4 c6 16. Nf4 Qe7 17. e6 Qf6 18. exf7+ Kh8 19. Qxf6+ Nxf6 20. Rfe1 g5 21.
Nd3 Bf5 22. Ne5 Rad8 23. Rad1 Kg7 24. f3 Nd5 25. Kf2 Kf6 26. Bxd5 cxd5 27. c6
bxc6 28. Nxc6 Rd6 29. Nxa7 Bd7 30. Re3 Ra6 31. Ra3 Rxa3 32. bxa3 Ke5 33. Rb1
Rxf7 34. Nb5 Bxb5 35. Rxb5 Rc7 36. Ke3 Rc3+ 37. Kd2 Rxa3 38. Rb2 Kd4 39. Rc2
Rd3+ 40. Ke2 Ra3 41. Kd2 Rd3+ 42. Ke2 Ra3 1/2-1/2

[Event "Dutch Open 2014"]
[Site "Dieren NED"]
[Date "2014.07.24"]
[Round "3.1"]
[White "L'Ami, Erwin"]
[Black "Das, Arghyadip"]
[Result "1-0"]
[WhiteTitle "GM"]
[BlackTitle "IM"]
[WhiteElo "2650"]
[BlackElo "2439"]
[WhiteFideId "1007998"]
[BlackFideId "5003610"]
[EventDate "2014.07.22"]

1. d4 d5 2. c4 dxc4 3. Nf3 Nf6 4. e3 Bg4 5. Bxc4 e6 6. O-O Nbd7 7. h3 Bh5 8. Be2
c5 9. Nc3 cxd4 10. Nxd4 Bxe2 11. Qxe2 Bc5 12. Rd1 O-O 13. Nb3 Bb4 14. Bd2 a6 15.
Be1 Qb8 16. Rd4 Be7 17. Rad1 Rd8 18. e4 Qe5 19. Qe3 Qc7 20. Ne2 Nf8 21. Ba5 b6
22. Rxd8 Bxd8 23. Bc3 Qb7 24. Ng3 Ng6 25. Nd4 h5 26. e5 Nd5 27. Qe4 h4 28. Nh5
Rc8 29. Nxe6 fxe6 30. Qxg6 Qf7 31. Qg4 Rc6 32. Nf4 Qxf4 33. Rxd5 Qg5 34. f4 Qe7
35. Rd6 Rxd6 36. exd6 Qd7 37. a4 a5 38. Be5 Qf7 39. Qf3 Qd7 40. Qg4 Kf8 41. Qg6
Kg8 42. Kh2 Qf7 43. Qe4 Qd7 44. Qg6 Qf7 45. Qg4 Qd7 46. b3 Qf7 47. Kg1 Kh7 48.
Qd1 Qd7 49. Qh5+ Kg8 50. Qg6 Kh8 51. Kf2 Kg8 52. Ke3 Kh8 53. Kd2 Kg8 54. Kc2 Kh8
55. Kb2 Kg8 56. Qe4 Qc8 57. Qc4 Qd7 58. f5 Kf7 59. Kc3 Bf6 60. Bxf6 gxf6 61.
fxe6+ 1-0

[Event "Dutch Open 2014"]
[Site "Dieren NED"]
[Date "2014.07.24"]
[Round "3.2"]
[White "Stany, G.A."]
[Black "Ikonnikov, Vyacheslav"]
[Result "0-1"]
[WhiteTitle "IM"]
[BlackTitle "GM"]
[WhiteElo "2399"]
[BlackElo "2556"]
[WhiteFideId "5029104"]
[BlackFideId "4100972"]
[EventDate "2014.07.22"]

1. e4 e6 2. d4 d5 3. e5 c5 4. c3 Nc6 5. Nf3 Bd7 6. Be2 f6 7. O-O fxe5 8. Nxe5
Nxe5 9. dxe5 Qc7 10. c4 d4 11. Re1 Ne7 12. Bd3 O-O-O 13. Na3 a6 14. Nc2 Nc6 15.
Qe2 h6 16. h4 g5 17. hxg5 hxg5 18. b4 Bg7 19. Bxg5 Rdf8 20. f4 cxb4 21. Be4 Bxe5
22. Bxc6 Bxc6 23. Qxe5 Qh7 24. Qxe6+ Kb8 25. Qg4 Qxc2 26. Qe2 Qh7 27. Kf2 Re8
28. Qd2 Qh2 29. Rxe8+ Rxe8 30. Rg1 Re3 31. Qxb4 Qg3+ 32. Kf1 d3 33. Qd2 Re2 34.
Qxe2 dxe2+ 35. Kxe2 Bf3+ 0-1

[Event "Dutch Open 2014"]
[Site "Dieren NED"]
[Date "2014.07.24"]
[Round "3.3"]
[White "Ernst, Sipke"]
[Black "Goudriaan, Etienne"]
[Result "1/2-1/2"]
[WhiteTitle "GM"]
[BlackTitle "IM"]
[WhiteElo "2554"]
[BlackElo "2401"]
[WhiteFideId "1004689"]
[BlackFideId "1021150"]
[EventDate "2014.07.22"]

1. d4 Nf6 2. Nf3 e6 3. c4 d5 4. Nc3 Bb4 5. Qb3 c5 6. dxc5 Nc6 7. Bg5 Qa5 8. Bxf6
dxc4 9. Qxc4 gxf6 10. Rc1 Qxc5 11. Qh4 Ke7 12. g3 Bxc3+ 13. bxc3 b6 14. Bg2 Bb7
15. O-O h5 16. Nd4 Rac8 17. Nb3 Qg5 18. Qa4 h4 19. Qa3+ Ke8 20. Rfd1 hxg3 21.
hxg3 Ba8 22. Nd2 Ne7 23. Qxa7 Bxg2 24. Kxg2 Qd5+ 25. Nf3 Qc6 26. Qa3 Ra8 27. Qb2
Ra5 28. Qd2 Rd5 29. Qf4 Rdh5 30. Qb8+ Nc8 31. Rh1 Rxh1 32. Rxh1 Rxh1 33. Kxh1 e5
34. Kg1 Kd7 35. g4 Qxc3 36. Qb7+ Ke6 37. Kg2 Qc4 38. g5 Nd6 39. Qxb6 Qxe2 40.
Qb3+ Kf5 41. gxf6 Ne4 42. Nh4+ Kg5 43. Nf3+ Kf5 1/2-1/2

[Event "Dutch Open 2014"]
[Site "Dieren NED"]
[Date "2014.07.24"]
[Round "3.4"]
[White "Sengupta, Deep"]
[Black "Pijpers, Arthur"]
[Result "1-0"]
[WhiteTitle "GM"]
[WhiteElo "2533"]
[BlackElo "2371"]
[WhiteFideId "5008352"]
[BlackFideId "1019554"]
[EventDate "2014.07.22"]

1. e4 c5 2. Nf3 d6 3. d4 cxd4 4. Nxd4 Nf6 5. Nc3 g6 6. Be3 Bg7 7. f3 Nc6 8. Qd2
O-O 9. O-O-O d5 10. exd5 Nxd5 11. Nxc6 bxc6 12. Bd4 Bxd4 13. Qxd4 Qb6 14. Na4
Qc7 15. Bc4 Rd8 16. Bb3 Bf5 17. g3 Rab8 18. Rhe1 Nb6 19. Qc5 Nxa4 20. Bxa4 Be6
21. f4 Bg4 22. Rxd8+ Rxd8 23. b4 e6 24. Re3 Rd6 25. Rc3 Qd7 26. Kb2 Rd1 27. Bxc6
Qd2 28. Qe3 Qxh2 29. Be4 Kg7 30. Rc7 e5 31. Bd3 Qg1 32. Qxe5+ Kh6 33. Rxf7 Rb1+
34. Kc3 Qxg3 35. Qg5# 1-0

[Event "Dutch Open 2014"]
[Site "Dieren NED"]
[Date "2014.07.24"]
[Round "3.5"]
[White "Pruijssers, Roeland"]
[Black "Wiersma, Eelke"]
[Result "1-0"]
[WhiteTitle "GM"]
[BlackTitle "IM"]
[WhiteElo "2517"]
[BlackElo "2354"]
[WhiteFideId "1013068"]
[BlackFideId "1002864"]
[EventDate "2014.07.22"]

1. e4 c5 2. Nf3 Nc6 3. Bb5 g6 4. Nc3 Bg7 5. O-O d6 6. e5 dxe5 7. Re1 f6 8. Bxc6+
bxc6 9. d3 Nh6 10. Be3 Nf7 11. Bxc5 f5 12. Nd2 O-O 13. f3 Qc7 14. Qe2 Rb8 15.
Rab1 Be6 16. Qf2 Rb7 17. b3 Nd6 18. Na4 Bf7 19. Re2 Rd8 20. Rbe1 Nb5 21. Kh1 Nd4
22. Bxd4 Rxd4 23. Nc5 Rb5 24. c3 Rd8 25. Nc4 e4 26. d4 Rxc5 27. dxc5 Bxc3 28.
Rc1 Bd4 29. Qf1 exf3 30. Qxf3 e5 31. Qg3 f4 32. Qg5 Bxc4 33. Rxc4 Be3 34. Re1
Rd5 35. Qf6 Bd4 36. g3 Qa5 37. Re2 Rxc5 38. Rxd4 Rc1+ 39. Kg2 f3+ 40. Qxf3 1-0

[Event "Dutch Open 2014"]
[Site "Dieren NED"]
[Date "2014.07.24"]
[Round "3.6"]
[White "Kolbus, Dietmar"]
[Black "Van Foreest, Jorden"]
[Result "0-1"]
[WhiteTitle "IM"]
[BlackTitle "FM"]
[WhiteElo "2303"]
[BlackElo "2461"]
[WhiteFideId "4610628"]
[BlackFideId "1039784"]
[EventDate "2014.07.22"]

1. Nf3 Nf6 2. c4 g6 3. Nc3 Bg7 4. e4 d6 5. d4 O-O 6. Be2 e5 7. O-O Nc6 8. d5 Ne7
9. Nd2 Nd7 10. b4 f5 11. Nb3 Nf6 12. f3 f4 13. a4 g5 14. g4 h5 15. h3 Kf7 16.
Kf2 Rh8 17. Ke1 a5 18. bxa5 c5 19. Kd2 hxg4 20. hxg4 Rh3 21. Kc2 Ng6 22. Bd2 Qh8
23. Rh1 Bd7 24. Qf1 Rh4 25. Qg2 Qh7 26. Rxh4 Nxh4 27. Qh1 Rh8 28. Rb1 Qg6 29.
Qg1 Bc8 30. Rf1 Nxf3 31. Bxf3 Rh3 32. Qg2 Rg3 33. Qh1 Nxg4 34. Kb2 Nf6 35. Bd1
g4 36. Bc2 f3 37. Rf2 Rh3 38. Qc1 Qh5 39. Be3 g3 40. Rf1 Bg4 41. Nd2 g2 42. Rg1
Bh6 43. Bf2 Rh1 44. Qe1 Qh2 45. Nb3 Bf4 46. Nb5 Bg3 47. Nxd6+ Kg6 48. Bxg3 Qxg1
49. Qc3 f2 50. Qxe5 f1=Q 51. Qe7 Qa1+ 52. Nxa1 Qxa1+ 53. Kb3 Rb1+ 54. Bxb1 Bd1+
55. Bc2 Qb1+ 56. Ka3 Qc1+ 57. Ka2 Qxc2+ 58. Ka1 Qc3+ 59. Kb1 Bc2+ 60. Ka2 Qb3+ 0-1

[Event "Dutch Open 2014"]
[Site "Dieren NED"]
[Date "2014.07.24"]
[Round "3.7"]
[White "Buckels, Valentin"]
[Black "Hausrath, Daniel"]
[Result "0-1"]
[BlackTitle "GM"]
[WhiteElo "2100"]
[BlackElo "2526"]
[WhiteFideId "12942766"]
[BlackFideId "4617495"]
[EventDate "2014.07.22"]

1. d4 e6 2. c4 b6 3. Nc3 Bb7 4. e3 g6 5. Nf3 Bg7 6. Be2 Ne7 7. O-O O-O 8. b3 d6
9. Bb2 Nd7 10. Qd2 Nf5 11. e4 Nh4 12. Nxh4 Qxh4 13. g3 Qe7 14. Rae1 a6 15. a4
Rae8 16. Bd1 Qd8 17. Bc2 h5 18. Nd1 h4 19. d5 Bxb2 20. Nxb2 Qf6 21. Nd3 exd5 22.
exd5 c6 23. Nb4 Rxe1 24. Rxe1 Ne5 25. Be4 c5 26. Nd3 Re8 27. Bg2 hxg3 28. hxg3
Re7 29. Qf4 Nd7 30. Qxf6 Rxe1+ 31. Nxe1 Nxf6 32. f3 Bc8 33. g4 g5 34. Kf2 Kf8
35. Ke3 b5 36. Bf1 bxa4 37. bxa4 a5 38. Nd3 Ba6 39. Nb2 Nxd5+ 40. Ke4 Nb6 41.
Kf5 d5 42. Kxg5 dxc4 0-1

[Event "Dutch Open 2014"]
[Site "Dieren NED"]
[Date "2014.07.24"]
[Round "3.8"]
[White "Kollen, Zyon"]
[Black "Horvath, Csaba"]
[Result "0-1"]
[BlackTitle "GM"]
[WhiteElo "2196"]
[BlackElo "2542"]
[WhiteFideId "1024256"]
[BlackFideId "700118"]
[EventDate "2014.07.22"]

1. e4 c5 2. Nf3 e6 3. d4 cxd4 4. Nxd4 a6 5. Nc3 Qc7 6. Bd3 Nf6 7. O-O d6 8. a4
b6 9. f4 Bb7 10. Qf3 Nbd7 11. Bd2 g6 12. Kh1 Bg7 13. Rae1 O-O 14. Be3 Nc5 15.
Bg1 Nh5 16. f5 Bxd4 17. Bxd4 exf5 18. Qh3 Ne6 19. Be3 fxe4 20. Nxe4 f5 21. Nc3
Rae8 22. Re2 f4 23. Bxb6 Qxb6 24. Rxe6 f3 25. g3 Nf6 26. Rxe8 Rxe8 0-1

[Event "Dutch Open 2014"]
[Site "Dieren NED"]
[Date "2014.07.24"]
[Round "3.9"]
[White "Ypma, Peter"]
[Black "De Jong, Migchiel"]
[Result "0-1"]
[BlackTitle "IM"]
[WhiteElo "2203"]
[BlackElo "2345"]
[WhiteFideId "1027255"]
[BlackFideId "1002848"]
[EventDate "2014.07.22"]

1. f4 d5 2. Nf3 Bg4 3. e3 Nd7 4. h3 Bxf3 5. Qxf3 c6 6. d3 e5 7. e4 Ngf6 8. g4
exf4 9. g5 dxe4 10. dxe4 Qa5+ 11. Nc3 Qxg5 12. Bxf4 Qh4+ 13. Bg3 Qh5 14. Be2
Qxf3 15. Bxf3 Bb4 16. O-O-O Bxc3 17. bxc3 O-O 18. e5 Nd5 19. Bxd5 cxd5 20. Rxd5
Nb6 21. Rd3 Rfe8 22. Rf1 Rac8 23. Rdf3 Re7 24. Bf2 Nc4 25. Bd4 b6 26. Rf4 Rcc7
27. Rd1 h6 28. Re1 f6 29. e6 Rc6 30. Bxf6 gxf6 31. Rxf6 Kg7 32. Rf4 b5 33. Rfe4
Rc5 34. a4 a6 35. axb5 axb5 36. h4 Rf5 37. R4e2 Kf6 38. Kb1 Ne5 39. Kb2 Nf3 40.
Ra1 Nxh4 41. Rh2 Rf4 42. Ra8 Nf5 43. Rf8+ Kg5 44. Rg2+ Rg4 45. Rf2 Ne3 46. Rb8
Nd1+ 0-1

[Event "Dutch Open 2014"]
[Site "Dieren NED"]
[Date "2014.07.24"]
[Round "3.10"]
[White "Maris, Ivo"]
[Black "Von Meijenfeldt, Bart"]
[Result "0-1"]
[WhiteElo "2178"]
[BlackElo "2331"]
[WhiteFideId "1028146"]
[BlackFideId "1032259"]
[EventDate "2014.07.22"]

1. d4 Nf6 2. Bf4 g6 3. e3 Bg7 4. Nf3 O-O 5. h3 d6 6. Be2 c5 7. c3 cxd4 8. exd4
Nc6 9. O-O Nd5 10. Bh2 e5 11. Qb3 Nc7 12. dxe5 dxe5 13. Rd1 Qf6 14. Nbd2 Qe7 15.
Ne4 Rb8 16. a4 Bf5 17. Nd6 Be6 18. Qa3 Rfd8 19. Nb5 Qxa3 20. Nxa3 Bb3 21. Rxd8+
Rxd8 22. Nc4 f6 23. Nfd2 Bc2 24. f4 Bh6 25. fxe5 Bxd2 26. Nxd2 Rxd2 27. Bc4+ Nd5
28. exf6 Na5 29. f7+ Kxf7 30. Rf1+ Ke7 31. Re1+ Kd8 32. Bb5 Rd1 33. Rxd1 Bxd1
34. Bg3 a6 35. Bh4+ Kc8 36. Be8 Nc7 37. Bf7 Bb3 0-1

[Event "Dutch Open 2014"]
[Site "Dieren NED"]
[Date "2014.07.24"]
[Round "3.11"]
[White "Go, Benjamin"]
[Black "Sowray, Peter J"]
[Result "1/2-1/2"]
[BlackTitle "FM"]
[WhiteElo "2133"]
[BlackElo "2325"]
[WhiteFideId "1014560"]
[BlackFideId "400971"]
[EventDate "2014.07.22"]

1. e4 e6 2. Nf3 d5 3. Nc3 d4 4. Ne2 c5 5. c3 Nf6 6. e5 Nfd7 7. cxd4 cxd4 8.
Nexd4 Nxe5 9. Bb5+ Nec6 10. O-O Bd7 11. Ne2 Be7 12. d4 O-O 13. Bf4 Ne5 14. Nc3
Nxf3+ 15. Qxf3 Bxb5 16. Nxb5 Nc6 17. Rfd1 Qd5 18. Qxd5 exd5 19. Rac1 Rfd8 20.
Kf1 a6 21. Nc3 Rac8 22. Na4 Nb4 23. Rxc8 Rxc8 24. a3 Nc6 25. Nb6 Rd8 26. Bc7 Re8
27. Nxd5 Bd8 28. Bd6 f5 29. Bc5 Kf7 30. b4 g6 31. a4 Bg5 32. Nb6 Bd8 33. Nc4 Bc7
34. Bd6 Rc8 35. d5 Nd8 36. Ne5+ Ke8 37. Nc4 Kd7 38. Bc5 Nf7 39. Re1 Re8 40. Rxe8
Kxe8 41. d6 Bb8 42. f4 b5 43. axb5 axb5 44. Na3 Nxd6 45. g3 Kd7 46. Bxd6 Bxd6
47. Nxb5 Bxb4 48. Ke2 Bc5 49. Kf3 Ke6 50. Nc3 Bd4 51. Ne2 Bb2 52. h3 Bf6 53. g4
fxg4+ 54. hxg4 h5 55. gxh5 gxh5 56. Ng3 h4 57. Kg4 hxg3 58. Kxg3 Be5 59. fxe5
Kxe5 1/2-1/2

[Event "Dutch Open 2014"]
[Site "Dieren NED"]
[Date "2014.07.24"]
[Round "3.12"]
[White "Saravanan, V."]
[Black "Warmerdam, Max"]
[Result "1-0"]
[WhiteTitle "IM"]
[WhiteElo "2320"]
[BlackElo "2207"]
[WhiteFideId "5000580"]
[BlackFideId "1048104"]
[EventDate "2014.07.22"]

1. d4 Nf6 2. c4 g6 3. f3 Bg7 4. e4 d6 5. Nc3 O-O 6. Be3 Nc6 7. Qd2 e5 8. d5 Nd4
9. Nge2 Nxe2 10. Bxe2 Nh5 11. g3 f5 12. exf5 gxf5 13. O-O-O Bd7 14. f4 Be8 15.
Rdf1 e4 16. g4 Nf6 17. gxf5 Bd7 18. Rhg1 Bxf5 19. Rg5 Qd7 20. Rfg1 Rf7 21. Bd4
h6 22. R5g2 Kh7 23. Nd1 c5 24. dxc6 bxc6 25. Ne3 d5 26. cxd5 cxd5 27. Rxg7+ Rxg7
28. Rxg7+ Kxg7 29. Nxd5 Rc8+ 30. Kd1 e3 31. Bxf6+ Kf7 32. Qd4 Bg4 33. Nxe3 Qc6
34. Bxg4 Qc1+ 35. Ke2 Rc2+ 36. Nxc2 Qxc2+ 37. Kf3 1-0